Időmenedzsment – Időgazdálkodási készségek és technikák hallgatók körében
| Szerző: | |
|---|---|
| További közreműködők: | |
| Dokumentumtípus: | Diplomadolgozat |
| Kulcsszavak: | halogatás időgazdálkodási eszközök időgazdálkodási technikák időmenedzsment soft skill |
| Online Access: | http://dolgozattar.uni-bge.hu/59596 |
MARC
| LEADER | 00000nta a2200000 i 4500 | ||
|---|---|---|---|
| 001 | dolg59596 | ||
| 005 | 20260409145259.0 | ||
| 008 | 260409suuuu hu om 000 hun d | ||
| 040 | |a BGE Dolgozattár Repozitórium |b hun | ||
| 041 | |a hu | ||
| 100 | 1 | |a Szalontai Fanni | |
| 245 | 1 | 0 | |a Időmenedzsment – Időgazdálkodási készségek és technikák hallgatók körében |c Szalontai Fanni |h [elektronikus dokumentum] |
| 520 | 3 | |a Dolgozatomban az időmenedzsment témakörével foglalkozom, különös tekintettel azokra a készségekre és technikákra, amelyek hozzájárulhatnak a mindennapi feladatok tudatosabb és hatékonyabb szervezéséhez. A kutatásom célja annak feltárása, hogy az időgazdálkodás különböző módszerei milyen hatással lehetnek a fiatal felnőttek – jelen esetben öt egyetemi hallgató – életvitelére, feladatvégzésére és általános közérzetére. A kvalitatív vizsgálat során kétkörös, félig strukturált interjúkat alkalmaztam, melyek segítségével betekintést kaptam a résztvevők meglévő időgazdálkodási szokásaiba, valamint, hogy hogyan élték meg a három jól ismert technika: Pomodoro-technika, a GTD (Getting Things Done) és az Eisenhower-mátrix kipróbálását. A vizsgálat fókuszában az állt, hogy ezek a módszerek milyen mértékben járulhatnak hozzá a tudatosabb időkezeléshez, a stressz-szint csökkentéséhez, valamint a napi tevékenységek kiegyensúlyozottabb megvalósításához. | |
| 695 | |a halogatás | ||
| 695 | |a időgazdálkodási eszközök | ||
| 695 | |a időgazdálkodási technikák | ||
| 695 | |a időmenedzsment | ||
| 695 | |a soft skill | ||
| 700 | 1 | |a Szénich Dr. Alexandra Emőke |e ths | |
| 856 | 4 | 0 | |u http://dolgozattar.uni-bge.hu/59596/1/Szalontai_Fanni_Id%C5%91menedzsment_szakdolgozat.pdf |z Dokumentum-elérés |
| 856 | 4 | 0 | |u http://dolgozattar.uni-bge.hu/59596/2/BA%20b%C3%ADr%C3%A1lati%20lap%20Szalontai%20Fanni%202025.pdf |z Dokumentum-elérés |
| 856 | 4 | 0 | |u http://dolgozattar.uni-bge.hu/59596/3/Szalontai_Fanni_konzulensi_b%C3%ADr%C3%A1lat.pdf |z Dokumentum-elérés |